Religio duplex : comment les Lumières ont réinventé la religion des égyptiens /

محفوظ في:

المؤلف الرئيسي: Assmann, Jan.

مؤلفون آخرون: Tétaz, Jean-Marc.

التنسيق: كتاب

اللغة: French

منشور في: [Paris] : Aubier, c2013.

سلاسل: Collection historique,

الموضوعات:

الوسوم: إضافة وسم

لا توجد وسوم, كن أول من يضع وسما على هذه التسجيلة!

رقم الطلب: HS403 .A88513

LEADER 01025nam a22003017a 4500
003 OSt
005 20250827090237.0
008 270728s2013 fr a b 001 0 fre d
020 |a 9782700704273 
040 |c ARCE Library 
050 1 4 |a HS403   |b .A88513  
100 1 |a Assmann, Jan. 
245 1 0 |a Religio duplex :   |b comment les Lumières ont réinventé la religion des égyptiens /   |c Jan Assmann ; traduit de l'allemand par Jean-Marc Tétaz. 
264 1 |a [Paris] :   |b Aubier,   |c c2013. 
300 |a 412 p. :   |b ill. ;   |c 24 cm. 
336 |2 rdacontent  |a text  |b txt 
337 |2 rdamedia  |a unmediated  |b n 
338 |2 rdacarrier  |a volume  |b n 
490 0 |a Collection historique,   |x 0154-957X. 
500 |a Ägyptische Mysterien une europäische Aufklärung. 
504 |a Includes bibliographical references and index. 
650 0 |a Freemasonry -- History. 
650 0 |a Mysteries, Religious. 
651 0 |a Egypt -- Religion. 
700 1 |a Tétaz, Jean-Marc. 
901 |a reviewed 
942 |2 lcc  |c BK 
999 |c 47391  |d 47391